000 00308nam a2200133 i 4500
001 bg
100 1 _aNAJBERG, M.
245 0 _aProdukcja akumulatorów ołowianych /
_cM. Najberg.
260 _aWarszawa,
_c1956.
040 _cBPK
041 _apol
942 _cKS
008 s pl f |000 0 pol
999 _c7053
_d7053
856 _uhttp://koha.tu.koszalin.pl/cgi-bin/koha/opac-detail.pl?biblionumber=7053
_yKatalog online BPK